| 000 | 00742nam a2200181 i 4500 | ||
|---|---|---|---|
| 001 | 94349 | ||
| 003 | ES-MaACL | ||
| 005 | 20250907063057.0 | ||
| 007 | t| | ||
| 008 | 050428s1904 sp ||||1| spa d | ||
| 100 | 1 |
_aNavas, Juan Gualberto López Valdemoro de Quesada, _cConde de las, _d1855-1935 _985203 |
|
| 245 | 1 | 0 |
_aDoña María de las Mercedes de Borbón y Austria, princesa de Asturias _b: noticia de su vida y su muerte ejemplares / _c[Juan Gualberto López Valdemoro De Quesada, Conde de las Navas]. |
| 260 |
_aMadrid : _b[s.n.], _c1904. |
||
| 300 |
_a30 p. ; _c15 cm. |
||
| 600 | 1 | 4 |
_aBorbón, María de las Mercedes de, _cPrincesa de Asturias, _d1880-1904 _9152304 |
| 852 |
_aES-MaACL _jT-1040-F-1 |
||
| 999 |
_c94349 _d94349 |
||